000 00546cam a22002171 4500
001 9126920
005 20180208033408.0
008 780215s1887 nyua 000 0 eng
010 _a 01000850
035 _a(OCoLC)3641030
040 _aDLC
_cTxU-Da
_dDLC
041 _aeng
042 _apremarc
080 _a573 GRA
082 _a573 GRA
100 1 _a11
101 _aBIO
245 1 4 _aThe elements of botany for beginners and for schools,
_cby Asa Gray.
906 _a7
_bcbc
_coclcrpl
_du
_encip
_f19
_gy-gencatlg
942 _2ddc
_cBK
999 _c42069
_d42069